00358 a2200121 450000100060000004000220000624000230002824500210005165000370007294200070010995201030011699900170021951035 cAnchieta - Pituba10aLiteromania 2001l10aLiteromania 2001 4aLínguas espanhola e portuguesa cMX 00104070a91.1b91.1d2023-11-21l0o460 C695 LITp407/PITr2023-11-21 18:19:23w2023-11-21yMX c51035d51035